Loading...
| Fine Arts - Visual | 0 | 5 | 0 | 2 | 50 | 94 | 129.80 | 1 | 5 | 0.00 | 0.00 |
| History - Other | 1 | 3 | 0 | 0 | 45 | 67 | 83.00 | 1 | 4 | 0.00 | 0.00 |
| History - European | 1 | 2 | 0 | 0 | 35 | 72 | 76.33 | 3 | 3 | 0.00 | 0.00 |
| Fine Arts - Auditory | 0 | 4 | 2 | 0 | 30 | 92 | 118.25 | 1 | 4 | 0.00 | 0.00 |
| Literature - European | 0 | 3 | 0 | 0 | 30 | 91 | 101.67 | 2 | 3 | 0.00 | 0.00 |
| Fine Arts - Other | 0 | 2 | 0 | 1 | 20 | 119 | 120.50 | 1 | 2 | 0.00 | 0.00 |
| Social Science | 0 | 2 | 0 | 0 | 20 | 107 | 116.50 | 0 | 2 | 0.00 | 0.00 |
| Literature - World | 0 | 2 | 0 | 0 | 20 | 91 | 99.50 | 2 | 2 | 0.00 | 0.00 |
| Science - Biology | 0 | 2 | 0 | 0 | 20 | 101 | 110.00 | 1 | 2 | 0.00 | 0.00 |
| History - American | 0 | 2 | 0 | 1 | 20 | 72 | 99.00 | 0 | 2 | 0.00 | 0.00 |
| Literature - American | 0 | 1 | 0 | 0 | 10 | 105 | 105.00 | 1 | 1 | 0.00 | 0.00 |
| Other Academic | 0 | 1 | 0 | 0 | 10 | 106 | 106.00 | 0 | 1 | 0.00 | 0.00 |
| Science - Physics | 0 | 1 | 0 | 1 | 10 | 126 | 126.00 | 1 | 1 | 0.00 | 0.00 |
| Religion | 0 | 1 | 0 | 1 | 10 | 147 | 147.00 | 0 | 1 | 0.00 | 0.00 |
| History - World | 0 | 1 | 2 | 0 | 0 | 99 | 99.00 | 1 | 1 | 0.00 | 0.00 |
| Science - Other | 0 | 0 | 1 | 0 | -5 | 0.00 | 0 | 0 | 0.00 | 0.00 | |
| Literature - British | 0 | 0 | 1 | 0 | -5 | 0.00 | 0 | 0 | 0.00 | 0.00 | |
| Pop Culture | 0 | 0 | 1 | 0 | -5 | 0.00 | 0 | 0 | 0.00 | 0.00 |